<?xml version="1.0" encoding="UTF-8"?><?xml-stylesheet type="text/xsl" href="static/style.xsl"?><OAI-PMH xmlns="http://www.openarchives.org/OAI/2.0/" xmlns:xsi="http://www.w3.org/2001/XMLSchema-instance" xsi:schemaLocation="http://www.openarchives.org/OAI/2.0/ http://www.openarchives.org/OAI/2.0/OAI-PMH.xsd"><responseDate>2026-04-28T20:53:55Z</responseDate><request verb="GetRecord" identifier="oai:uvadoc.uva.es:10324/2014" metadataPrefix="marc">https://uvadoc.uva.es/oai/request</request><GetRecord><record><header><identifier>oai:uvadoc.uva.es:10324/2014</identifier><datestamp>2021-06-29T09:28:09Z</datestamp><setSpec>com_10324_38</setSpec><setSpec>col_10324_852</setSpec></header><metadata><record xmlns="http://www.loc.gov/MARC21/slim" xmlns:doc="http://www.lyncode.com/xoai" xmlns:xsi="http://www.w3.org/2001/XMLSchema-instance" xmlns:dcterms="http://purl.org/dc/terms/" xsi:schemaLocation="http://www.loc.gov/MARC21/slim http://www.loc.gov/standards/marcxml/schema/MARC21slim.xsd">
<leader>00925njm 22002777a 4500</leader>
<datafield tag="042" ind1=" " ind2=" ">
<subfield code="a">dc</subfield>
</datafield>
<datafield tag="720" ind1=" " ind2=" ">
<subfield code="a">Rioja García, Isidoro</subfield>
<subfield code="e">author</subfield>
</datafield>
<datafield tag="260" ind1=" " ind2=" ">
<subfield code="c">2012</subfield>
</datafield>
<datafield tag="520" ind1=" " ind2=" ">
<subfield code="a">La discriminación en el trabajo es de gran relevancia, no solo laboral, sino también&#xd;
social. El Tribunal Constitucional ha interpretado en el ámbito de las relaciones de&#xd;
trabajo la no discriminación, pretende que, ante iguales supuestos, las soluciones&#xd;
sean iguales, respetándose la igualdad de los trabajadores.&#xd;
La discriminación sufrida por las mujeres es la más antigua y persistente en el tiempo,&#xd;
la más extendida en el espacio, la que más formas ha revestido (desde la simple y&#xd;
brutal violencia hasta los más sutiles comportamientos falsamente protectores).&#xd;
El Tribunal entiende que se ha producido una vulneración de los derechos&#xd;
fundamentales reconocidos en los arts. 14 y 28.1 CE, ya que la actuación empresarial&#xd;
que le ha discriminado en su promoción profesional como consecuencia de su&#xd;
afiliación y de su actividad sindical.</subfield>
</datafield>
<datafield tag="024" ind2=" " ind1="8">
<subfield code="a">http://uvadoc.uva.es/handle/10324/2014</subfield>
</datafield>
<datafield ind1=" " ind2=" " tag="653">
<subfield code="a">Discriminación en el empleo - España</subfield>
</datafield>
<datafield tag="245" ind1="0" ind2="0">
<subfield code="a">La discriminación en la promoción profesional por razón de sexo y por motivos sindicales, en las resoluciones  jurisprudenciales</subfield>
</datafield>
</record></metadata></record></GetRecord></OAI-PMH>